000 00502nam a2200181Ia 4500
005 20250508161651.0
008 008 250505s9999 xx 000 0 eng d
037 _aTextual
040 _aFEDL
_beng
_cFEDL
041 _aeng
_2eng
084 _a958.1, AMO
_qFEDL
100 _aAmoss Harold L
_9771260
245 0 _aStory of afghanistan
260 _aWichita
_bMcCormick-Mathers Publishing Company
_c1965
300 _a164p.
942 _cTEXL
_h958.1, AMO
999 _c1371439
_d1371439